000 00891nas a2200289 4500
001 BR2014002246
003 BR-BrBNA
005 20231205123906.0
007 ta
008 230509b bl.|||p| |||| 00| 00por d
040 _aBR-BrBNA
_bpor
_cBiblioteca Nacional de Agricultura
041 _a(Pt)
072 _aP36
100 1 _aWagner, A.P.L.
100 1 _aFontana, D.C.
100 1 _aFraisse, C.
100 1 _aWeber, E.J.
100 1 _aHasenack, H.
245 1 _aTendências temporais de índices de vegetação nos campos do Pampa do Brasil e do Uruguai
650 _aCHUVA
650 _aCOBERTURA VEGETAL
650 _aDEFICIÊNCIA HÍDRICA
650 _aPRECIPITAÇÃO PLUVIAL
773 0 _tPesquisa Agropecuária Brasileira (Brazil)
_xISSN 0100-204X
_g(Sep 2013), v. 48(9) p. 1192-1200
_wBR2014002246
909 _a202311
_bLúcia
_c55
_dLúcia Elande
942 _2AGRIS
_n0
_cANA
999 _c236231
_d236231